Pays Avec 2 "A" ou plus dans leur nom - Statistiques

Statistiques générales
  • Ce quiz a été pris 161 fois
    130 depuis la dernière actualisation
  • Le résultat moyen est 27 sur 50
Statistiques - réponses
Nom % Correct
Pays Canada
92%
Pays Australie
79%
Pays Allemagne
77%
Pays Afghanistan
76%
Pays Arabie Saoudite
73%
Pays Panama
72%
Pays Albanie
70%
Pays Kazakhstan
70%
Pays Nicaragua
70%
Pays Madagascar
68%
Pays Pakistan
68%
Pays Azerbaïdjan
66%
Pays Pays-Bas
64%
Pays Guatemala
63%
Pays Thaïlande
61%
Pays Jamaïque
60%
Pays Paraguay
59%
Pays Tadjikistan
59%
Pays Tanzanie
59%
Pays Angola
58%
Pays Ghana
58%
Pays Émirats Arabes Unis
57%
Pays Bahamas
55%
Pays Antigua-et-Barbuda
54%
Pays Costa Rica
54%
Pays Danemark
54%
Pays Guyana
53%
Pays Salvador
53%
Pays Barbade
52%
Pays Qatar
50%
Pays Saint-Marin
50%
Pays Vatican
50%
Pays Mauritanie
49%
Pays Malaisie
48%
Pays Ouganda
48%
Pays Rwanda
48%
Pays Samoa
48%
Pays Botswana
47%
Pays Papouasie Nouvelle-Guinée
46%
Pays Taïwan
45%
Pays Vanuatu
44%
Pays Malawi
41%
Pays Marshall
40%
Pays Bangladesh
39%
Pays République Centrafricaine
37%
Pays Guinée Équatoriale
34%
Pays Sri Lanka
34%
Pays Saint-Vincent-et-les-Grenadines
32%
Pays Palaos
30%
Pays Burkina Faso
27%
Aucun quiz correspondant
Distribution des résultats
% des personnes avec chaque résultat
Percentile par nombre de réponses
Votre historique - résultats
Vous n’avez pas pris ce quiz depuis la dernière actualisation